书目信息 |
| 题名: |
户外旅行终极指南
|
|
| 作者: | 德瑞克 著 ;朱禹丞 译 | |
| 分册: | ||
| 出版信息: | 北京 人民邮电出版社 2017.02 |
|
| 页数: | 247页 | |
| 开本: | 26cm | |
| 丛书名: | ||
| 单 册: | ||
| 中图分类: | G895 | |
| 科图分类: | ||
| 主题词: | 野外--生存--基本知识 | |
| 电子资源: | ||
| ISBN: | 978-7-115-44470-7 | |
| 000 | 01388nam0 2200301 450 | |
| 001 | 0120172137141 | |
| 005 | 20170418154718.26 | |
| 010 | @a978-7-115-44470-7@dCNY88.00 | |
| 100 | @a20170321d2017 em y0chiy50 ea | |
| 101 | 1 | @achi@ceng |
| 102 | @aCN@b110000 | |
| 105 | @aa z 000yy | |
| 106 | @ar | |
| 200 | 1 | @a户外旅行终极指南@9hu wai lu^ xing zhong ji zhi nan@e基础装备、露营技能、交通方式、饮食、环境和急救@e全彩图解版@f(英)彼得·G.德瑞克(Peter G. Drake)著@g朱禹丞译 |
| 205 | @a2版@b修订版 | |
| 210 | @a北京@c人民邮电出版社@d2017.02 | |
| 215 | @a247页@d26cm | |
| 312 | @a版权页英文题名:The complete practical guide to camping, hiking & wilderness skills | |
| 330 | @a本书就关于户外生活实践提供了宝贵指导。计划和准备部分涉及到远途探险的前期准备。基础设备部分介绍保证舒适和个人安全所需的物品。导航部分教会户外旅行者正确使用地图和指南针的技能,以及如何读懂自然路标。 | |
| 333 | @a户外旅行爱好者 | |
| 510 | 1 | @aComplete practical guide to camping, hiking & wilderness skills@zeng |
| 517 | 1 | @a基础装备、露营技能、交通方式、饮食、环境和急救@9ji chu zhuang bei 、 lu ying ji neng 、 jiao tong fang shi 、 yin shi 、 huan jing he ji jiu |
| 606 | 0 | @a野外@x生存@x基本知识 |
| 690 | @aG895@v5 | |
| 701 | 0 | @c(英)@a德瑞克@9de rui ke@c(Drake, Peter G.)@4著 |
| 702 | 0 | @a朱禹丞@9zhu yu cheng@4译 |
| 801 | 0 | @aCN@b人天书店@c20170321 |
| 905 | @b988088-90@dG895@e341=2@f3 | |
| 户外旅行终极指南:基础装备、露营技能、交通方式、饮食、环境和急救:全彩图解版/(英)彼得·G.德瑞克(Peter G. Drake)著/朱禹丞译.-2版,修订版.-北京:人民邮电出版社,2017.02 |
| 247页;26cm |
| 使用对象:户外旅行爱好者 |
| ISBN 978-7-115-44470-7:CNY88.00 |
| 本书就关于户外生活实践提供了宝贵指导。计划和准备部分涉及到远途探险的前期准备。基础设备部分介绍保证舒适和个人安全所需的物品。导航部分教会户外旅行者正确使用地图和指南针的技能,以及如何读懂自然路标。 |
| ● |
| 相关链接 |
|
|
|
|
正题名:户外旅行终极指南
索取号:G895/341=2
 
预约/预借
| 序号 | 登录号 | 条形码 | 馆藏地/架位号 | 状态 | 备注 |
| 1 | 988088 | 209880887 | 第一样本阅览室/ [索取号:G895/341=2] | 在馆 | |
| 2 | 988089 | 209880896 | 体育系资料室/ [索取号:G895/341=2] | 在馆 | |
| 3 | 988090 | 209880903 | 第四借阅区/ [索取号:G895/341=2] | 在馆 |